[Event "Rio Negro IRT"]
[Site "Rio Negro"]
[Date "2018.08.??"]
[Round "3.2"]
[White "Lima, Emanuel"]
[Black "Quiroga, Facundo"]
[Result "0-1"]
[WhiteElo "2208"]
[BlackElo "2270"]
[PlyCount "68"]
[EventDate "2018.08.17"]
[EventType "tourn"]
[EventRounds "6"]
[EventCountry "ARG"]
[SourceTitle "EXT 2024"]
[Source "ChessBase"]
[SourceDate "2023.10.10"]
[SourceVersion "1"]
[SourceVersionDate "2023.10.10"]
[SourceQuality "1"]

1. e4 c5 2. Nf3 d6 3. Bb5+ Bd7 4. Bxd7+ Qxd7 5. Nc3 Nc6 6. d4 cxd4 7. Nxd4 g6 8. 0-0 Bg7 9. Be3 Nf6 10. f3 0-0 11. Nde2 Rfd8 12. Nf4 e6 13. Bf2 d5 14. exd5 Nxd5 15. Ncxd5 exd5 16. c3 d4 17. c4 d3 18. b3 Qf5 19. Nd5 Bxa1 20. Qxa1 Rxd5 21. cxd5 Qxd5 22. Rd1 Rd8 23. Qc3 b5 24. Be3 b4 25. Qc5 Qe6 26. h3 Rd5 27. Qc1 d2 28. Bxd2 Qd7 29. Qb2 Ne5 30. Re1 Nd3 31. Qf6 Nxe1 32. Bh6 Nxf3+ 33. Qxf3 a5 34. Qe4 Qe6 0-1

[Event "Neuquen Patagonia op 3rd"]
[Site "Neuquen"]
[Date "2017.11.24"]
[Round "8"]
[White "Martinez Martin, David"]
[Black "Lima, Emanuel"]
[Result "1-0"]
[WhiteElo "2376"]
[BlackElo "2188"]
[PlyCount "81"]
[EventDate "2017.11.18"]
[EventType "swiss"]
[EventRounds "9"]
[EventCountry "ARG"]
[SourceTitle "CBM 181 Extra"]
[Source "ChessBase"]
[SourceDate "2017.12.12"]
[SourceVersion "1"]
[SourceVersionDate "2017.12.12"]
[SourceQuality "1"]

1. Nf3 Nf6 2. c4 c5 3. Nc3 Nc6 4. g3 g6 5. Bg2 Bg7 6. d4 cxd4 7. Nxd4 0-0 8. 0-0 Qb6 9. Nb3 d6 10. a3 Bd7 11. c5 dxc5 12. Na4 Qc7 13. Naxc5 Bf5 14. Nxb7 Rab8 15. N7c5 Rfd8 16. Qe1 Qb6 17. e4 Bc8 18. Bf4 e5 19. Be3 Ng4 20. Bg5 Re8 21. Rc1 Nd4 22. Nxd4 exd4 23. b4 Ne5 24. Bf4 Ba6 25. Bxe5 Bxe5 26. Nd7 Qe6 27. Nxb8 Bxb8 28. Rd1 Bxf1 29. Qxf1 Qb6 30. Qc4 Rd8 31. Rd3 Kg7 32. h4 f6 33. a4 Be5 34. a5 Qc7 35. Qb3 g5 36. hxg5 fxg5 37. Bh3 Rd6 38. Qd1 Qc4 39. Bf1 Qxb4 40. Rb3 Qxa5 41. Rb5 1-0

[Event "Neuquen U2200 op"]
[Site "Neuquen"]
[Date "2017.08.19"]
[Round "4.1"]
[White "Lima, Emanuel"]
[Black "Tugnarelli, Julio"]
[Result "1-0"]
[WhiteElo "2165"]
[BlackElo "2104"]
[PlyCount "73"]
[EventDate "2017.08.18"]
[EventType "swiss"]
[EventRounds "6"]
[EventCountry "ARG"]
[SourceTitle "EXT 2024"]
[Source "ChessBase"]
[SourceDate "2023.10.10"]
[SourceVersion "1"]
[SourceVersionDate "2023.10.10"]
[SourceQuality "1"]

1. e4 e6 2. d4 d5 3. e5 c5 4. c3 Nc6 5. Nf3 Qb6 6. Bd3 h6 7. 0-0 Bd7 8. dxc5 Bxc5 9. b4 Bf8 10. Nbd2 g5 11. b5 Na5 12. c4 g4 13. Ne1 Qd4 14. Nb3 Nxb3 15. Qxb3 dxc4 16. Bxc4 Rc8 17. Bd3 Qb4 18. Be3 b6 19. Nc2 Qxb3 20. axb3 Rc7 21. Rfc1 Ne7 22. Nb4 Rxc1+ 23. Bxc1 Nc8 24. Nc6 Bxc6 25. bxc6 Bc5 26. Ra4 a5 27. Rxg4 Na7 28. h4 Ke7 29. c7 Rc8 30. Bxh6 Rxc7 31. Bg5+ Kd7 32. h5 Bf8 33. h6 Bxh6 34. Bxh6 Rc3 35. Rd4+ Kc6 36. Rc4+ Rxc4 37. Bxc4 1-0

[Event "Neuquen U2200 op"]
[Site "Neuquen"]
[Date "2017.05.27"]
[Round "5.1"]
[White "Tugnarelli, Julio"]
[Black "Lima, Emanuel"]
[Result "0-1"]
[WhiteElo "2124"]
[BlackElo "2103"]
[PlyCount "62"]
[EventDate "2017.05.25"]
[EventType "swiss"]
[EventRounds "6"]
[EventCountry "ARG"]
[SourceTitle "EXT 2024"]
[Source "ChessBase"]
[SourceDate "2023.10.10"]
[SourceVersion "1"]
[SourceVersionDate "2023.10.10"]
[SourceQuality "1"]

1. e4 c5 2. Nf3 Nc6 3. d4 cxd4 4. Nxd4 Nf6 5. Nc3 e5 6. Ndb5 d6 7. Bg5 a6 8. Na3 b5 9. Nd5 Be7 10. Bxf6 Bxf6 11. c3 0-0 12. Nc2 Rb8 13. h4 a5 14. g3 g6 15. Nce3 Bg7 16. g4 Be6 17. h5 Ne7 18. Qf3 Nxd5 19. exd5 Bd7 20. hxg6 fxg6 21. Qh3 h6 22. Bd3 Qf6 23. Qg2 Qg5 24. Be4 Rf4 25. Rg1 Rbf8 26. Bc2 b4 27. c4 e4 28. Bxe4 Qe5 29. f3 Rxf3 30. Bxf3 Qxe3+ 31. Be2 Bxb2 0-1

[Event "Neuquen U2200 op"]
[Site "Neuquen"]
[Date "2017.05.25"]
[Round "2.3"]
[White "Ampudia, Roberto"]
[Black "Lima, Emanuel"]
[Result "0-1"]
[WhiteElo "1683"]
[BlackElo "2103"]
[PlyCount "80"]
[EventDate "2017.05.25"]
[EventType "swiss"]
[EventRounds "6"]
[EventCountry "ARG"]
[SourceTitle "EXT 2024"]
[Source "ChessBase"]
[SourceDate "2023.10.10"]
[SourceVersion "1"]
[SourceVersionDate "2023.10.10"]
[SourceQuality "1"]

1. d4 Nf6 2. c4 c5 3. d5 b5 4. Qc2 g6 5. e4 bxc4 6. Bxc4 d6 7. Ne2 Bg7 8. 0-0 0-0 9. a4 Na6 10. f3 Nb4 11. Qd1 Nd7 12. Nbc3 Ne5 13. b3 e6 14. Rb1 Nxc4 15. bxc4 exd5 16. Nxd5 Nxd5 17. Qxd5 Be6 18. Qd3 Qa5 19. Bb2 Bxb2 20. Rxb2 Qxa4 21. Qxd6 Rac8 22. Nf4 Qxc4 23. Rb7 Rfd8 24. Qe7 Qd4+ 25. Kh1 Rd7 26. Rxd7 Qxd7 27. Qg5 Qd8 28. Qe5 Qd4 29. Qg5 Qg7 30. h4 c4 31. Qe7 Qf8 32. Qxa7 Qd6 33. Nxe6 Qxe6 34. Rc1 c3 35. Qf2 h5 36. Kg1 Qc4 37. Qc2 Qd4+ 38. Kf1 Qe3 39. Rd1 Kh7 40. Rd3 Qxd3+ 0-1